Languages by Their Population Demonyms (-ophones) - Statistics

General Stats
  • This quiz has been taken 1,260 times
  • The average score is 16 of 18
Answer Stats
Demonym Language % Correct
Francophone French
99%
Italophone Italian
99%
Russophone Russian
99%
Néerlandophone Dutch
98%
Germanophone German
97%
Arabophone Arabic
96%
Anglophone English
96%
Danophone Danish
95%
Hispanophone Spanish
95%
Swahiliphone Swahili
94%
Turcophone Turkish
93%
Hellénophone Greek
88%
Polonophone Polish
88%
Fennophone Finnish
84%
Sinophone Chinese
80%
Suécophone Swedish
66%
Lusophone Portuguese
55%
Gallophone Welsh
41%
No matching quizzes found
Score Distribution
Percent of People with Each Score
Percentile by Number Answered
Your Score History
You have not taken this quiz